Dal pacere ai pacta conventa: aspetti sostanziali e tutela del fenomeno pattizio dall'epoca arcaica all'editto giulianeo

Spremljeno u:
Bibliografski detalji
Glavni autor: Biscotti, Barbara (Autor)
Format: Knjiga
Jezik:talijanski
Izdano: Milán Dott. A. Giuffrè 2002
Serija:Universitá degli Studi di Milano, Bicocca, 12
Teme:
Oznake: Dodaj oznaku
Bez oznaka, Budi prvi tko označuje ovaj zapis!

MARC

LEADER 00000nam a2200000 a 4500
001 UCM9859
003 CL-VaPUC
008 030523e20020000IT |||||||||||||||||ita|d
082 0 4 |a 340.54  |b BIS  |2 21 
100 0 |a Biscotti, Barbara  |e author  |9 476466 
245 1 0 |a Dal pacere ai pacta conventa: aspetti sostanziali e tutela del fenomeno pattizio dall'epoca arcaica all'editto giulianeo 
300 |a 486 p 
942 |c BK 
945 |d 20030523 00:00:00  |a cmena 
260 |a Milán  |b Dott. A. Giuffrè  |c 2002 
650 0 |a Derecho romano  |9 255930 
650 0 |a Negocio jurídico  |9 258242 
650 0 |a Contratos  |9 255153 
583 |a last modification  |c 20030523 00:00:00  |k Rodrigo Vera 
490 0 |a Universitá degli Studi di Milano, Bicocca, 12 
999 |c 303941  |d 303939 
952 |0 0  |1 0  |4 0  |6 340_540000000000000_BIS_2002  |7 0  |8 DER_ROM  |9 365610  |a BIBDER  |b BIBDER  |d 2019-11-21  |i 390556K  |l 1  |o 340.54 BIS 2002  |p 390556K  |r 2023-01-25  |s 2020-03-17  |w 2019-11-21  |x Ubicación 4to piso  |y BK  |z Este recurso debe solicitarse con anticipación  |k DER